Responses for show #2825 - Friday, December 6, 1996

Daily Double at Double Jeopardy! Round clue 22 featured in the 1999 film Baby Geniuses.

Contestants

[<< previous game]

Donna Craig, an aspiring writer from New York City, New York

Clark Adams, a horse shoer from Batesville, Virginia

Gay Mollette, a procurement manager originally from Detroit, Michigan (whose 3-day cash winnings total $24,001)

[next game >>]

Jeopardy! Round responses

AMERICAN EXPLORERS
MEASURING DEVICES
MYTHOLOGY
TELEVISION
ANNUAL EVENTS
HOMOPHONIC PAIRS
    $100 16
gold

Donna
    $100 19
sugar

Clark
    $100 6
wax

Clark
    $100 1
(Alex: Hey, a clue that was made for you!)

Lois & Clark

Clark
    $100 17
Utah

Donna
    $100 11
whole hole

Donna
    $200 20
Colorado

Clark
    $200 27
(Gay: What is fire?)

the Sun

Gay
Triple Stumper
    $200 7
teeth

Gay
    $200 2
Nightmare on Elm Street

Clark
    $200 18
Washington

Gay
    $200 12
for four

Triple Stumper
    $300 21
(Alex: There's that name again!)

Lewis & Clark

Clark
    $300 28
a pedometer

Clark
    $300 8
Electra

Donna
    $300 3
Hart to Hart

Clark
    $300 24
(Clark: What is London?)

New York City

GayClark
    $300 13
(Alex: Donna, you're getting fed up, I can tell, with this category, but you're going to select from it again, aren't you?)
(Donna: Not unlike my husband.)

per purr

Triple Stumper
    $400 22
fur trading

Clark
    $400 29
the lungs

Donna
    $400 9
Titans

Gay
    $600 4
(Clark: No idea.)

Hercules (Kevin Sorbo)

Clark
    $400 25
(Clark: What is Idaho?)

Oregon

Clark
Triple Stumper
    $400 14
gored gourd

Clark
    $500 23
John C. Frémont

Triple Stumper
    $500 30
the Nile River

Clark
    $500 10
Castor

Clark
    $500 5
Melrose Place

Triple Stumper
    $500 26
(Alex: We have a minute left in the round.)

Massachusetts

Clark
    $500 15
stayed staid

Clark

Scores at the first commercial break (after clue 14):

Gay Clark Donna
$600 $1,000 $400

Scores at the end of the Jeopardy! Round:

Gay Clark Donna
$900 $3,100 $1,000

Double Jeopardy! Round responses

NOTABLE NONHUMANS
WORLD FACTS
ART & ARTISTS
BUSINESS & INDUSTRY
HISTORY
POETS
    $200 2
Adolf Hitler

Clark
    $200 19
Isthmus of Panama

Clark
    $200 1
Vincent Van Gogh

Clark
    $200 30
H&R Block

Donna
    $200 11
Athens

Donna
    $200 4
(C: Who is Martin Luther King, Jr.?)
(G: Who was Robert Frost?)

Carl Sandburg

GayClarkDonna
    $400 3
Lyndon Johnson

Donna
    $400 20
the Tropic of Capricorn

Clark
    $400 14
Jackson Pollock

Gay
    $400 18
IBM

Clark
    $400 12
Denmark

Donna
    $400 5
Alfred Lord Tennyson

Clark
    $600 6
Gorilla

Clark
    $600 21
The River Jordan

Clark
    $600 15
Georges Seurat

Donna
    $600 25
Charles Lindbergh

Clark
    $600 13
(A: No...I'm sorry, Yes)

Japan

Gay
    $600 8
Robert Burns

Donna
    $800 7
Fala

Donna
    $1,100 22
(C: What is the Gobi?)

Kalahari Desert

Clark
    $800 16
Auguste Rodin

Gay
    $800 29
Procter & Gamble

Gay
    $800 24
Nigeria

Gay
    $800 9
Emily Dickinson

Donna
    $1000 26
Bucephalus

Clark
    $1000 23
Myanmar (Burma)

Clark
    $1000 17
Henry Moore

Gay
    $600 28
Krupp

Clark
    $1000 27
(C: Who is Jin Rhee?)
(D: Who was Park?)

Syngman Rhee

ClarkDonna
Triple Stumper
    $1000 10
Robert Frost

Donna

Scores at the end of the Double Jeopardy! Round:

Gay Clark Donna
$5,100 $7,000 $5,200

[wagering suggestions for these scores]

Final Jeopardy! Round responses

BRITISH NOVELS
GayWhat is "The Time Machine"
$5,099
DonnaWhat is The Time Machine
$5,001
ClarkWhat is The Time Machine
$3,401
The Time Machine

Final scores:

Gay Clark Donna
$10,199 $10,401 $10,201
3rd place: Whirlpool dishwasher & trash compactor New champion: $10,401 2nd place: silver flatware & china service

Game dynamics:

Coryat scores:

Gay Clark Donna
$5,100 $9,100 $5,200
10 R,
2 W
26 R
(including 1 DD),
6 W
(including 2 DDs)
15 R,
1 W

Combined Coryat: $19,400

The J! Archive is created by fans, for fans. The Jeopardy! game show and all elements thereof, including but not limited to copyright and trademark thereto, are the property of Jeopardy Productions, Inc. and are protected under law. This website is not affiliated with, sponsored by, or operated by Jeopardy Productions, Inc. Join the discussion at JBoard.tv.